| 000 | 00397nam a2200169Ia 4500 | ||
|---|---|---|---|
| 008 | 230524s9999 xx 000 0 und d | ||
| 020 | _a8120317440 | ||
| 082 |
_a537 _bACH |
||
| 100 | _aM.Achuthan | ||
| 245 | 0 | _aEngineering Thermodynamics | |
| 250 | _a1ST | ||
| 260 |
_aNEW DELHI _bPHI _c2002 |
||
| 300 | _aXIX;472 | ||
| 500 | _aQuantity Number: 7 | ||
| 650 | _aThermodynamics | ||
| 942 | _cBK | ||
| 999 |
_c12444 _d12444 |
||